000 00441nam a22001577u 4500
008 130405s1934 xxu||||| |||| 00| 0 lat d
041 _alat
100 1 _aÁlvarez Menéndez, Severino
_913116
245 0 0 _aDe diversitate et identitate analogica...
_cSeverino Álvarez Menéndez
260 _aRomae,
_c1934
300 _a31 p.
_c;24 cm.
500 _aThesis Collegio Angelico
650 0 4 _aMetafísica
_913351
942 _cBK
001 8586
999 _c244605
_d244605